000 02552nab a2200313 a 4500
005 20250611094200.0
008 991125c2016 sp qr p o 000 0 spa d
035 _aUPN01000210176
040 _aMX-MxUPN
_bspa
_cMX-MxUPN
_eaacr2
049 _aART-E
100 1 _aSoler González, Rafael H.
100 1 _ursoler@espoch.edu.ec
100 1 _aAndrade Merino, Raúl
100 1 _ur_andrade@espoc.edu.ec
100 1 _aOñate Andino, Alejandra
100 1 _umonate@espoch.edu.ec
245 1 0 _aCompetencia en la incertidumbre: estudio de caso en docentes de la Facultad de Administración de Empresa
506 0 _aAcceso abierto
520 3 _aEste artículo es el producto de una investigación realizada en la Facultad de Administración de Empresa (FADE) de la Escuela Superior Politécnica de Chimborazo (ESPOCH), situada en la ciudad de Riobamba, respecto de las competencias del grupo de docentes de la citada facultad. Las competencias de las personas poseen aspectos que no es posible medir con herramientas determinísticas empleadas en la mayoría de los casos. Esta situación crea un problema, pues no permite conocer el lado intangible de las competencias que caracterizan a un trabajador y sus posibles falencias. Esta problemática es crítica en el caso de los docentes de cualquier tipo de educación; por tal motivo, el objetivo de este trabajo es presentar una metodología para medir las competencias de los docentes de la Facultad de Administración de Empresas (FADE) y tomar las estrategias más eficaces para el mejoramiento académico. Este trabajo fue realizado en el año 2014 como parte del trabajo final de pregrado de seis alumnas y liderado por los autores y autora de este artículo. El resultado obtenido fue la determinación del grado de competencia de 161 docentes, así como los grados de competencias de las Escuelas y la Facultad, dejando el camino expedito para la elaboración de estrategias de mejora continua. Los resultados obtenidos demuestran la necesidad de cambiar los métodos deterministas de evaluación del docente, pues no reflejan la realidad de la práctica académica en la FADE.
650 4 _aEducación superior
_932
653 0 _aCompetencias docentes
653 0 _aLógica difusa
653 0 _aDistancias relativas de haming
773 _gVol. 16, no. 2 (2016), p. 1-24
_tActualidades investigativas en educación
_x1409-4703
856 4 _uhttps://www.redalyc.org/journal/447/44745615008/html/
902 _aGloria Jiménez/110625
905 _aArticulo
942 _cART-E
999 _c182277
_d182277